Rethinking comparative politics in Africa
Saved in:
| Main Author: | |
|---|---|
| Format: | Book |
| Language: | English |
| Published: |
J. A. Professional Publishers,
2016
|
| Tags: |
Add Tag
No Tags, Be the first to tag this record!
|
MARC
| LEADER | 00000nam a22000007a 4500 | ||
|---|---|---|---|
| 008 | 210126b ||||| |||| 00| 0 eng d | ||
| 020 | |a 876-978-907-963-5 | ||
| 100 | |a MUTIULLAH, A. O | ||
| 245 | |a Rethinking comparative politics in Africa |c A. O. Mutiullah, B. A. Solomon, M. A. Fidelis |g xx, 278p.; ill. | ||
| 260 | |b J. A. Professional Publishers, |c 2016 |d Books |h Abuja |i 691210 |l JQ1872 .M98 |m Comparative government |m Africa, Sub-Saharan – Politics and government – 1960 | ||
| 500 | |a “It includes references” | ||
| 942 | |a lcc |c BK |e Adekanye I. H. |f 26/01/2021 | ||
| 999 | |c 1031 |d 1031 | ||